LIBRARY & INFORMATION CENTRE, KCAET, TAVANUR

ONLINE PUBLIC ACCESS CATALOGUE (OPAC)

Jordhan`s tropical hygiene and sanitation / (Record no. 6258)

MARC details
000 -LEADER
fixed length control field 00396cam a2200157ua 4500
041 ## - LANGUAGE CODE
Language code of text/sound track or separate title eng
082 ## - DEWEY DECIMAL CLASSIFICATION NUMBER
Classification number 613.113
Item number WIL/JO
100 ## - MAIN ENTRY--AUTHOR NAME
Personal name Wilkie, W .
245 ## - TITLE STATEMENT
Title Jordhan`s tropical hygiene and sanitation /
250 ## - EDITION STATEMENT
Edition statement 4 /
260 ## - PUBLICATION, DISTRIBUTION, ETC. (IMPRINT)
Place of publication :
Name of publisher Baillierie,Tyndall and Cox ,
Year of publication 1965.
300 ## - PHYSICAL DESCRIPTION
Number of Pages 437 ; .
942 ## - ADDED ENTRY ELEMENTS (KOHA)
Koha item type Books
Holdings
Withdrawn status Lost status Damaged status Home library Current library Date acquired Full call number Accession Number Koha item type
Withdrawn     KAUAET Sanskrit University 07/04/2012 613.113 11512 Books
free website counter